00492nam a2200157Ia 4500008004100000020001500041082001600056100002400072245009600096250000700192260004200199300002600241500001900267600003300286650001500319240925s9999 xx 000 0 und d a8131701670 a808.066 ROS aRosenberg ,Barry J. 0aSpring into Technical Writing: for engineers and scientists the smart professional's choice aNA aNew Delhi:bPearson Educationc,2005. a792p.bN.AfPhotocopy aIncludes Index aHumanities & Natural Science aLiterature